| 000 | 00944nam a22002537a 4500 | ||
|---|---|---|---|
| 005 | 20170124103025.0 | ||
| 010 | _aA-575534 | ||
| 020 | _c40.00 | ||
| 035 | _aA-575534 | ||
| 037 | _bCen Lib/Ret | ||
| 040 |
_aDPL _bHN |
||
| 082 |
_aक _bशफीजा |
||
| 100 |
_aशफी जावेद _961833 |
||
| 245 |
_aवक्त के असीर / _cशफी जावेद |
||
| 246 |
_aVakt ke aseer / _bby Shafi Javed |
||
| 260 |
_aनई दिल्ली _bतूलिका प्रकाशन _c1991 |
||
| 270 |
_a20/11 वार्ड नं.1, महरौली _bनई दिल्ली _e110030 |
||
| 300 |
_a127पृ. _c17सेमी (सजिल्द) |
||
| 650 |
_aहिन्दी -- साहित्य _961834 |
||
| 650 |
_aहिन्दी -- कहानी _9779 |
||
| 650 |
_aHindi -- Literature _961835 |
||
| 650 |
_aHindi -- Story _943117 |
||
| 942 |
_2ddc _cHN _hक _mशफीजा |
||
| 999 |
_c115532 _d115532 |
||